| 000 | 01947cam a22004097i 4500 | ||
|---|---|---|---|
| 999 |
_c29197 _d29168 |
||
| 001 | 18343574 | ||
| 003 | EG-ScBUE | ||
| 005 | 20210615120300.0 | ||
| 008 | 141022t2014 caua f 001 0 eng d | ||
| 020 | _a9780321949721 (paperback) | ||
| 020 | _a0321949722 (paperback) | ||
| 035 | _a(OCoLC)ocn860752163 | ||
| 040 |
_aBTCTA _beng _erda _cBTCTA _dSINLB _dDAC _dNYP _dCLE _dOCLCF _dDLC _dEG-ScBUE |
||
| 082 | 0 | 4 |
_a006.686 _bADO _222 |
| 245 | 0 | 0 |
_aAdobe Photoshop elements 12 classroom in a book : _bthe official training workbook from Adobe Systems. |
| 246 | 3 | 0 | _aPhotoshop Elements 12 classroom in a book |
| 246 | 3 | _aAdobe Photoshop Elements twelve classroom in a book | |
| 264 | 1 |
_aSan Francisco, Calif. : _bAdobe Press, _c[2014] |
|
| 264 | 4 | _cc2014 | |
| 300 |
_aviii, 303 pages : _bcolor illustrations ; _c24 cm. |
||
| 336 |
_atext _btxt _2rdacontent |
||
| 337 |
_aunmediated _bn _2rdamedia |
||
| 338 |
_avolume _bnc _2rdacarrier |
||
| 490 | 0 | _aClassroom in a book | |
| 500 | _aIncludes index. | ||
| 505 | 0 | _aGetting started -- A quick tour of Photoshop Elements -- Importing and sorting photos -- Tagging, grouping, and searching photos -- Image editing basics -- Working with color -- Fixing exposure problems -- Reframing, retouching, and recomposing images -- Combining images -- Getting creative -- Printing, sharing, and exporting. | |
| 520 | _aThis book contains 10 lessons that cover the basics of Photoshop Elements, providing tips and techniques to help you become more productive with the program. | ||
| 630 | 0 | 7 |
_aAdobe Photoshop elements. _2BUEsh |
| 650 | 7 |
_aImage processing _xDigital techniques. _2BUEsh |
|
| 650 | 7 |
_aPhotography _xDigital techniques. _2BUEsh |
|
| 653 |
_bCOMSCI _cJune2021 |
||
| 655 |
_vReading book _934232 |
||
| 710 | 2 |
_aAdobe Systems, _eissuing body. _918543 |
|
| 906 |
_a7 _bcbc _ccopycat _d2 _encip _f20 _gy-gencatlg |
||
| 942 |
_2ddc _cBB |
||